000 00972nam a22003137a 4500
003 CHAP
005 20220329135327.0
008 971013s1960 r 00010 d
010 _a34456
011 _a35428
035 _a39544
040 _cCHAP
082 _a530.15
_bM45
100 0 0 _aMenzel, Donald H.
_974858
245 _aFundamental formulas of physics
260 _aNew York :
_bDover,
_c1960
300 _a2 v
590 _aBATCH-UPD
_b10
_c20130110
_lUCH01
_h2107
590 _aBATCH-UPD
_b10
_c20130410
_lUCH01
_h1419
590 _aBATCH-UPD
_b10
_c20130914
_lUCH01
_h1422
590 _aCONVERSION
_b10
_c20130109
_lUCH01
_h1319
650 1 4 _aFísica matemática.
_941998
650 1 4 _aFísica
_xFórmulas.
_941983
650 1 4 _aMatemáticas
_xFórmulas.
_972906
901 _aBK
942 _cLIBRO
949 _a530.15 M45
_bBC
_cLIBRO
_d33724000411146
_eLIBRO
_fv.2
_h1824
_i39544
_si
949 _a530.15 M45
_bBC
_cLIBRO
_d33724000411153
_eLIBRO
_fv.1
_h1823
_i39544
_si
999 _c34456
_d34456